500 Most Streamed Songs on Spotify - Statistics

General Stats
  • This quiz has been taken 40 times
  • The average score is 143 of 500
Answer Stats
No. Artist Song % Correct
1 The Weeknd Blinding Lights
88%
2 Ed Sheeran Shape of You
79%
328 Kendrick Lamar, Zacari LOVE.
71%
41 Queen Bohemian Rhapsody
68%
191 Jimin Who
68%
11 Imagine Dragons Believer
65%
78 Sabrina Carpenter Espresso
65%
489 Rihanna S&M
65%
9 The Kid LAROI, Justin Bieber STAY
65%
330 Rihanna, Mikky Ekko Stay
65%
24 Hozier Take Me To Church
65%
29 Harry Styles Watermelon Sugar
65%
6 Harry Styles As it Was
62%
57 Billie Eilish bad guy
62%
337 Bryson Tiller Don’t
62%
65 Miley Cyrus Flowers
62%
44 Lady Gaga, Bradley Cooper Shallow
62%
75 Nirvana Smells like Teen Spirit
62%
48 Imagine Dragons Thunder
62%
71 Ariana Grande 7 rings
59%
112 TOTO Africa
59%
32 Lady Gaga, Bruno Mars Die with a Smile
59%
324 Adele Hello
59%
26 Shawn Mendes, Camila Cabello Señorita
59%
47 John Legend All of Me
56%
179 Sia Chandelier
56%
20 Tones and I Dance Monkey
56%
372 Pharrell Williams Happy
56%
10 Ed Sheeran Perfect
56%
3 The Weeknd, Daft Punk Starboy
56%
120 Shawn Mendes Stitches
56%
86 a-ha Take on Me
56%
215 Rihanna, Jay-Z Umbrella
56%
93 Mark Ronson, Bruno Mars Uptown Funk
56%
34 Coldplay Viva La Vida
56%
46 Avicii, Aloe Blacc Wake Me Up
56%
56 Eminem Without Me
56%
110 Halsey Without Me
56%
82 Oasis Wonderwall
56%
19 Coldplay Yellow
56%
363 Lady Gaga Bad Romance
53%
25 OneRepublic Counting Stars
53%
209 Luis Fonsi, Daddy Yankee Despacito
53%
270 Luis Fonsi, Daddy Yankee, Justin Bieber Despacito
53%
74 Journey Don’t Stop Believin’
53%
39 The Police Every Breath You Take
53%
85 Olivia Rodrigo good 4 u
53%
58 The Goo Goo Dolls Iris
53%
63 Eminem Lose Yourself
53%
95 Linkin Park Numb
53%
16 The Chainsmokers, Coldplay Something Just Like This
53%
243 Calvin Harris Summer
53%
7 Post Malone, Swae Lee Sunflower
53%
83 Benson Boone Beautiful Things
50%
111 Michael Jackson Billie Jean
50%
343 Outkast Hey Ya!
50%
40 Bruno Mars Just The Way You Are
50%
99 Dua Lipa, DaBaby Levitating
50%
27 Ed Sheeran Photograph
50%
77 Justin Bieber Sorry
50%
159 Maroon 5 Sugar
50%
494 Robin Schulz, Francesco Yates Sugar
50%
142 Taylor Swift Blank Space
47%
251 DNCE Cake by the Ocean
47%
14 The Chainsmokers, Halsey Closer
47%
70 Olivia Rodrigo drivers license
47%
325 Bruno Mars Grenade
47%
88 Marshmello, Bastille Happier
47%
464 Olivia Rodrigo happier
47%
12 Glass Animals Heat Waves
47%
52 Linkin Park In the End
47%
66 Passenger Let Her Go
47%
53 The Killers Mr. Brightside
47%
8 Drake, Wizkid, Kyla One Dance
47%
255 Lady Gaga Poker Face
47%
156 Imagine Dragons Radioactive
47%
21 Vance Joy Riptide
47%
22 Post Malone, 21 Savage rockstar
47%
320 DaBaby, Roddy Ricch ROCKSTAR
47%
141 Adele Rolling in the Deep
47%
87 The Weeknd Save Your Tears
47%
221 The Weeknd, Ariana Grande Save Your Tears
47%
326 Taylor Swift Shake it Off
47%
5 Lewis Capaldi Someone You Loved
47%
59 Twenty One Pilots Stressed Out
47%
43 Ed Sheeran Thinking Out Loud
47%
366 Kesha Tik Tok
47%
196 ROSÉ, Bruno Mars APT.
44%
280 Carly Rae Jepsen Call Me Maybe
44%
31 Macklemore & Ryan Lewis, Ray Dalton Can’t Hold Us
44%
295 ABBA Dancing Queen
44%
211 Eagles Hotel California
44%
60 Kendrick Lamar HUMBLE.
44%
91 Major Lazer, MØ, DJ Snake Lean On
44%
224 Eminem, Rihanna Love the Way You Lie
44%
81 Calvin Harris, Dua Lipa One Kiss
44%
100 Adele Someone Like You
44%
106 Sam Smith Stay with Me
44%
4 The Neighbourhood Sweater Weather
44%
97 Guns ‘n’ Roses Sweet Child O’ Mine
44%
123 Eminem The Real Slim Shady
44%
79 Coldplay The Scientist
44%
336 Britney Spears Toxic
44%
115 Lukas Graham 7 Years
41%
441 Steve Lacy Bad Habit
41%
28 Billie Eilish BIRDS OF A FEATHER
41%
362 Evanescence Bring Me to Life
41%
356 Red Hot Chili Peppers Can’t Stop
41%
96 Radiohead Creep
41%
30 Taylor Swift Cruel Summer
41%
61 Arctic Monkeys Do I Wanna Know?
41%
300 Maroon 5, Cardi B Girls like You
41%
107 Camila Cabello, Young Thug Havana
41%
252 Backstreet Boys I Want it That Way
41%
49 Bruno Mars Locked out of Heaven
41%
13 Billie Eilish, Khalid lovely
41%
234 Maroon 5, Christina Aguilera Moves Like Jagger
41%
102 Dua Lipa New Rules
41%
122 Foster The People Pumped Up Kicks
41%
72 Tyler, the Creator, Kali Uchis See You Again
41%
137 Wiz Khalifa, Charlie Puth See You Again
41%
169 Adele Set Fire to the Rain
41%
175 Ariana Grande thank u, next
41%
229 Pitbull, Kesha Timber
41%
272 Sam Smith, Kim Petras Unholy
41%
315 Bruno Mars 24k Magic
38%
84 Elton John, Dua Lipa, PNAU Cold Heart
38%
357 Beyoncé, Jay-Z Crazy in Love
38%
285 Katy Perry, Juicy J Dark Horse
38%
304 Rihanna Diamonds
38%
33 Dua Lipa Don’t Start Now
38%
94 Queen Don’t Stop Me Now
38%
109 Fleetwood Mac Dreams
38%
132 Tears for Fears Everybody Wants to Rule the World
38%
377 Survivor Eye of the Tiger
38%
277 Panic! At the Disco High Hopes
38%
253 Black Eyed Peas I Gotta Feeling
38%
241 50 Cent In da Club
38%
431 Lady Gaga, Colby O’Donis Just Dance
38%
293 R.E.M. Losing my Religion
38%
104 Maroon 5, Wiz Khalifa Payphone
38%
250 Bastille Pompeii
38%
135 Gotye, Kimbra Somebody That I Used to Know
38%
192 Lana Del Rey Summertime Sadness
38%
55 Bruno Mars That’s What I Like
38%
466 Macklemore & Ryan Lewis, Wanz Thrift Shop
38%
69 Shawn Mendes Treat You Better
38%
50 Bruno Mars When I Was Your Man
38%
89 Arctic Monkeys 505
35%
68 Kendrick Lamar, SZA All the Stars
35%
327 Maroon 5 Animals
35%
23 Tom Odell Another Love
35%
287 Red Hot Chili Peppers Californication
35%
200 The Weeknd Can’t Feel My Face
35%
37 Post Malone Circles
35%
51 Imagine Dragons Demons
35%
262 Metallica Enter Sandman
35%
45 Drake God’s Plan
35%
151 Shakira, Wyclef Jean Hips Don’t Lie
35%
17 Arctic Monkeys I Wanna Be Yours
35%
73 SZA Kill Bill
35%
178 Teddy Swims Lose Control
35%
15 James Arthur Say You Won’t Let Go
35%
167 Earth, Wind & Fire September
35%
76 Jung Kook, Latto Seven
35%
346 Ariana Grande, Nicki Minaj Side to Side
35%
54 The Weeknd The Hills
35%
18 Lord Huron The Night We Met
35%
218 AC/DC Thunderstruck
35%
114 Charlie Puth, Selena Gomez We Don’t Talk Anymore
35%
342 One Direction What Makes You Beautiful
35%
284 Usher, Lil Jon, Ludacris Yeah!
35%
398 The Cranberries Zombie
35%
316 Anne-Marie 2002
32%
153 Mariah Carey All I Want for Christmas is You
32%
456 Michael Jackson Beat It
32%
443 Ed Sheeran Castle on the Hill
32%
383 Snow Patrol Chasing Cars
32%
204 Sia Cheap Thrills
32%
210 Tate McRae greedy
32%
269 The Script Hall of Fame
32%
183 Twenty One Pilots Heathens
32%
130 Mike Posner, Seeb I Took a Pill in Ibiza
32%
317 P!nk, Nate Ruess Just Give Me a Reason
32%
249 Wham! Last Christmas
32%
36 Juice WRLD Lucid Dreams
32%
390 Sabrina Carpenter Please Please Please
32%
240 MAGIC! Rude
32%
201 The White Stripes Seven Nation Army
32%
436 Bryan Adams Summer of ‘69
32%
360 Zedd, Maren Morris, Grey The Middle
32%
219 Queen, David Bowie Under Pressure
32%
482 Olivia Rodrigo vampire
32%
138 Rihanna, Calvin Harris We Found Love
32%
399 Rihanna, Drake Work
32%
235 Harry Styles Adore You
29%
203 Ed Sheeran Bad Habits
29%
290 Taylor Swift cardigan
29%
206 OMI, Felix Jaehn Cheerleader
29%
297 Nirvana Come as You Are
29%
188 Olivia Rodrigo deja Vu
29%
164 BTS Dynamite
29%
124 Adele Easy on Me
29%
237 Coldplay Fix You
29%
129 Coolio, L.V. Gangsta’s Paradise
29%
288 Pitbull, Ne-Yo, Afrojack, Nayer Give Me Everything
29%
296 Eminem, Juice WRLD Godzilla
29%
286 Chappell Roan Good Luck, Babe!
29%
232 Train Hey, Soul Sister
29%
401 The Lumineers Ho Hey
29%
292 Coldplay, Beyoncé Hymn for the Weekend
29%
193 The Weeknd, Daft Punk I Feel It Coming
29%
433 Whitney Houston I Wanna Dance With Somebody
29%
333 Ellie Goulding Love Me like You Do
29%
42 Justin Bieber Love Yourself
29%
386 Lil Nas X, Billy Ray Cyrus Old Town Road
29%
349 Coldplay Paradise
29%
245 Kings of Leon Sex on Fire
29%
261 Maroon 5 She Will Be Loved
29%
238 Ed Sheeran Shivers
29%
143 Keane Somewhere Only We Know
29%
416 Lynyrd Skynyrd Sweet Home Alabama
29%
189 David Guetta, Sia Titanium
29%
308 Red Hot Chili Peppers Under the Bridge
29%
413 Queen We Will Rock You
29%
246 Taylor Swift Anti-Hero
26%
222 AC/DC Back in Black
26%
208 Måneskin Beggin’
26%
227 Justin Timberlake CAN’T STOP THE FEELING!
26%
492 Aerosmith Dream On
26%
329 Djo End of Beginning
26%
260 Imagine Dragons, JID Enemy
26%
127 Alan Walker, Iselin Solheim Faded
26%
407 Portugal. The Man Feel it Still
26%
267 Beyoncé Halo
26%
161 Creedence Clearwater Revival Have You Ever Seen The Rain
26%
187 AC/DC Highway to Hell
26%
423 The Fray How to Save a Life
26%
190 Ed Sheeran, Justin Bieber I Don’t Care
26%
220 Zayn, Taylor Swift I Don’t Wanna Live Forever
26%
128 Jason Mraz I’m Yours
26%
140 Lil Nas X, Jack Harlow INDUSTRY BABY
26%
321 Ariana Grande Into You
26%
198 Bon Jovi Livin’ on a Prayer
26%
108 Maroon 5 Memories
26%
447 Coldplay, BTS My Universe
26%
231 Billie Eilish ocean eyes
26%
256 Ariana Grande One Last Time
26%
271 Justin Bieber, Daniel Caesar, GIVEON Peaches
26%
397 Zayn Pillowtalk
26%
487 Kate Bush Running Up That Hill
26%
98 XXXTENTACION SAD!
26%
331 Capital Cities Safe and Sound
26%
157 WALK THE MOON Shut Up and Dance
26%
90 Travis Scott, Drake SICKO MODE
26%
479 Ben E. King Stand by Me
26%
432 Taylor Swift Style
26%
404 Jonas Brothers Sucker
26%
236 Ava Max Sweet But Psycho
26%
147 Avicii, Nicholas Furlong The Nights
26%
452 Maroon 5 This Love
26%
105 Sam Smith Too Good at Goodbyes
26%
158 Arctic Monkeys Why’d You Only Call Me When You’re High?
26%
476 Shaboozey A Bar Song (Tipsy)
24%
125 Queen Another One Bites the Dust
24%
165 Coldplay A Sky Full of Stars
24%
185 Christina Perri a thousand years
24%
453 Ed Sheeran, Khalid Beautiful People
24%
119 Lewis Capaldi Before You Go
24%
382 Khalid Better
24%
160 Post Malone Better Now
24%
480 George Ezra Budapest
24%
283 System of a Down Chop Suey!
24%
313 Major Lazer, Justin Bieber, MØ Cold Water
24%
35 The Weeknd Die for You
24%
148 The Chainsmokers, Daya Don’t Let Me Down
24%
437 Foo Fighters Everlong
24%
289 Trevor Daniel Falling
24%
495 Harry Styles Falling
24%
205 Gorillaz, De La Soul Feel Good Inc
24%
355 Billie Eilish Happier than Ever
24%
438 Drake Hotline Bling
24%
439 Nickelback How You Remind Me
24%
299 Cardi B, Bad Bunny, J Balvin I Like It
24%
144 Doja Cat, SZA Kiss Me More
24%
410 Bruno Mars & Anderson .Paak Leave the Door Open
24%
64 DJ Snake, Justin Bieber Let me Love You
24%
254 Taylor Swift Lover
24%
301 Zara Larsson Lush Life
24%
155 Maroon 5 Maps
24%
131 Eminem Mockingbird
24%
116 One Direction Night Changes
24%
470 Metallica Nothing Else Matters
24%
424 The Rolling Stones Paint It Black
24%
361 Nelly Furtado, Timbaland Promiscuous
24%
380 Clean Bandit, Jess Glynne Rather Be
24%
257 Childish Gambino Redbone
24%
184 Twenty One Pilots Ride
24%
306 Clean Bandit, Sean Paul, Anne-Marie Rockabye
24%
177 SAINt JHN, Imanbek Roses
24%
477 Akon, Eminem Smack That
24%
358 Coldplay Sparks
24%
319 Dr. Dre, Snoop Dogg Still D.R.E.
24%
281 Milky Chance Stolen Dance
24%
364 Kanye West Stronger
24%
303 Eurythmics Sweet Dreams (Are Made of This)
24%
322 DJ Snake, Selena Gomez, Ozuna, Cardi B Taki Taki
24%
136 Roddy Ricch The Box
24%
80 Shawn Mendes There’s Nothing Holdin’ Me Back
24%
173 Calvin Harris, Rihanna This is What You Came For
24%
338 Hozier Too Sweet
24%
181 Olivia Rodrigo traitor
24%
67 French Montana, Swae Lee Unforgettable
24%
406 Natasha Bedingfield Unwritten
24%
448 Guns ‘n’ Roses Welcome to the Jungle
24%
117 Billie Eilish when the party’s over
24%
332 Marvin Gaye, Tammi Terrell Ain’t No Mountain High Enough
21%
182 Cigarettes After Sex Apocalypse
21%
405 Jessie J, Ariana Grande, Nicki Minaj Bang Bang
21%
374 Imagine Dragons Bones
21%
420 Sam Smith, Normani Dancing with a Stranger
21%
172 Ruth B. Dandelions
21%
396 David Kushner Daylight
21%
465 Taylor Swift Don’t Blame Me
21%
186 Zayn, Sia Dusk Till Dawn
21%
213 Benny Blanco, Halsey, Khalid Eastside
21%
312 Creedence Clearwater Revival Fortunate Son
21%
352 The Beatles Here Comes the Sun
21%
350 Kendrick Lamar Not Like Us
21%
427 The Lumineers Ophelia
21%
247 Harry Styles Sign of the Times
21%
389 Gym Class Heroes, Adam Levine Stereo Hearts
21%
384 Noah Kahan Stick Season
21%
309 One Direction Story of my Life
21%
310 Clean Bandit, Zara Larsson Symphony
21%
259 Bruno Mars Talking to the Moon
21%
458 Fleetwood Mac The Chain
21%
113 Eminem, Nate Dogg ‘Till I Collapse
21%
393 Fifth Harmony, Ty Dolla $ign Work from Home
21%
199 5 Seconds of Summer Youngblood
21%
150 Charlie Puth Attention
18%
197 Dean Lewis Be Alright
18%
391 MKTO Classic
18%
239 The Neighbourhood Daddy Issues
18%
498 Ariana Grande Dangerous Woman
18%
455 Ed Sheeran Galway Girl
18%
195 Justin Bieber Ghost
18%
387 Joji Glimpse of Us
18%
38 Travis Scott, Kendrick Lamar goosebumps
18%
298 Dua Lipa IDGAF
18%
163 Lauv I Like Me Better
18%
385 Kygo, Selena Gomez It Ain’t Me
18%
194 Alec Benjamin Let Me Down Slowly
18%
202 Kendrick Lamar, Jay Rock Money Trees
18%
180 24KGoldn, iann dior Mood
18%
323 Mitski My Love Mine All Mine
18%
62 J. Cole No Role Modelz
18%
395 Calvin Harris, Ellie Goulding Outside
18%
471 Black Sabbath Paranoid
18%
212 Miley Cyrus Party in the U.S.A.
18%
403 Dire Straits Sultans of Swing
18%
170 Tame Impala The Less I Know The Better
18%
485 KALEO Way Down We Go
18%
481 girl in red we fell in love in october
18%
244 Justin Bieber What Do You Mean?
18%
462 Selena Gomez, Marshmello Wolves
18%
266 Tate McRae you broke me first
18%
276 Lana Del Rey Young and Beautiful
18%
348 Snoop Dogg, Wiz Khalifa, Bruno Mars Young, Wild & Free
18%
435 AC/DC You Shook Me All Night Long
18%
139 The Weeknd Call Out My Name
15%
473 XXXTENTACION Changes
15%
145 Post Malone, Quavo Congratulations
15%
118 Bad Bunny, JHAYCO DÁKITI
15%
133 Don Omar, Lucenzo Danza Kuduro
15%
242 Powfu, beabadoobee death bed
15%
442 Cyndi Lauper Girls Just Want to Have Fun
15%
305 Kanye West Heartless
15%
162 Conan Gray Heather
15%
168 OneRepublic I Ain’t Worried
15%
121 Sam Smith I’m Not the Only One
15%
490 Elton John I’m Still Standing
15%
365 Dynoro, Gigi D’Agostino In my Mind
15%
101 XXXTENTACION Jocelyn Flores
15%
371 Katy Perry Last Friday Night
15%
468 Internet Money, Gunna, Don Toliver, Nav Lemonade
15%
176 Lil Nas X MONTERO (Call Me by Your Name)
15%
469 Ariana Grande no tears left to cry
15%
373 Ariana Grande positions
15%
334 d4vd Romantic Homicide
15%
367 Alessia Cara Scars to Your Beautiful
15%
268 Marshmello, Khalid Silence
15%
499 The Weeknd, Lana Del Rey Stargirl Interlude
15%
475 Cardi B, Megan Thee Stallion WAP
15%
223 Doja Cat Woman
15%
279 Khalid Young Dumb & Broke
15%
214 Juice WRLD All Girls are the Same
12%
381 Taylor Swift august
12%
318 Rema, Selena Gomez Calm Down
12%
92 Dream Supplier Clean Baby Sleep White Noise
12%
264 XXXTENTACION Everybody Dies in Their Nightmares
12%
414 Marshmello, Anne-Marie Friends
12%
207 XXXTENTACION, Trippie Redd Fuck Love
12%
392 d4vd Here with Me
12%
486 The Notorious B.I.G. Hypnotize
12%
451 gnash, Olivia O’Brien i hate u, i love u
12%
146 David Guetta, Bebe Rexha I’m Good (Blue)
12%
126 Manuel Turizo La Bachata
12%
134 J Balvin, Bad Bunny LA CANCÍON
12%
379 NF Let You Down
12%
230 Future Mask Off
12%
450 Bebe Rexha, Florida Georgia Line Meant to Be
12%
449 G-Eazy, Bebe Rexha Me, Myself and I
12%
166 Bad Bunny, Chencho Corleone Me Porto Bonito
12%
488 J. Cole MIDDLE CHILD
12%
149 XXXTENTACION Moonlight
12%
484 Imagine Dragons Natural
12%
347 Jay-Z, Kanye West Niggas in Paris
12%
446 Sean Paul, Dua Lipa No Lie
12%
216 Drake Passionfruit
12%
388 Post Malone, Ty Dolla $ign Psycho
12%
412 Arizona Zervas Roxanne
12%
445 Tyga, Offset Taste
12%
275 Bad Bunny Tití Me Preguntó
12%
497 Fetty Wap Trap Queen
12%
359 Avicii, Simon Aldred Waiting for Love
12%
415 Imagine Dragons Whatever it Takes
12%
428 Adele When We Were Young
12%
402 Billie Eilish WILDFLOWER
12%
103 Lil Uzi Vert XO Tour Llif3
12%
248 Daniel Caesar, H.E.R. Best Part
9%
369 Metro Boomin, The Weeknd, 21 Savage Creepin’
9%
274 Steve Lacy Dark Red
9%
335 Lil Baby, Gunna Drip Too Hard
9%
217 The Weeknd Earned It
9%
226 Billie Eilish everything i wanted
9%
421 Lil Peep, XXXTENTACION Falling Down
9%
459 Kanye West Flashing Lights
9%
491 Daniel Caesar, Kali Uchis Get You
9%
171 Travis Scott HIGHEST IN THE ROOM
9%
174 The Walters I Love You So
9%
376 Martin Garrix, Bebe Rexha In the Name of Love
9%
233 Rihanna Love on the Brain
9%
461 TV Girl Lovers Rock
9%
411 Shawn Mendes Mercy
9%
152 Danny Ocean Me Rehúso
9%
354 J Balvin, Willy William Mi Gente
9%
429 Axwell & Ingrosso More than You Know
9%
154 The Weeknd, JENNIE, Lily-Rose Depp One of the Girls
9%
409 Rihanna Only Girl (In the World)
9%
339 Farruko Pepas
9%
282 XXXTENTACION Revenge
9%
263 Offset, Metro Boomin Ric Flair Drip
9%
422 Regard Ride It
9%
418 Joji SLOW DANCING IN THE DARK
9%
460 Beach House Space Song
9%
258 Miguel Sure Thing
9%
454 Kali Uchis telepatía
9%
353 Rauw Alejandro Todo de Ti
9%
370 Karol G, Nicki Minaj Tusa
9%
314 Sia Unstoppable
9%
265 Post Malone Wow.
9%
500 Logic, Alessia Cara, Khalid 1-800-273-8255
6%
341 Lady Gaga Always Remember Us This Way
6%
294 Travis Scott BUTTERFLY EFFECT
6%
225 Bizarrap, Quevedo Bzrp Music Sessions, Vol. 52
6%
351 Bad Bunny, Tainy Callaita
6%
478 Eslabon Armado, Peso Pluma Ella Baila Sola
6%
434 Surf Curse Freaks
6%
278 FloyyMenor, Cris Mj Gata Only
6%
400 Maluma Hawaí
6%
291 XXXTENTACION Hope
6%
496 Calvin Harris, Disciples How Deep is Your Love
6%
307 Post Malone I Fall Apart
6%
474 Drake In My Feelings
6%
463 Major Lazer, Nyla, Fuse ODG Light it Up
6%
430 Khalid Location
6%
375 XXXTENTACION Look at Me!
6%
472 Bad Bunny, Drake MÍA
6%
302 Rihanna Needed Me
6%
311 Bad Bunny, Bomba Estéreo Ojitos Lindos
6%
228 Frank Ocean Pink + White
6%
417 A$AP Rocky, Skepta Praise the Lord (Da Shine)
6%
273 Lil Tecca Ransom
6%
457 Juice WRLD Robbery
6%
483 Hotel Ugly Shut up My Moms Calling
6%
344 SZA Snooze
6%
444 Lil Peep Star Shopping
6%
345 Chris Brown Under the Influence
6%
378 Ariana Grande we can’t be friends (wait for your love)
6%
394 Lost Frequencies, Calum Scott Where are You Now
6%
419 Bad Bunny Yonaguni
6%
440 SZA Good Days
3%
408 Karol G PROVENZA
3%
340 Pitbull, Ne-Yo Time of our Lives
3%
467 J. Cole Wet Dreamz
3%
425 Daddy Yankee Con Calma
0%
426 Bad Bunny Efecto
0%
368 JHAYCO, J Balvin, Bad Bunny No Me Conoce
0%
493 Karol G Si Antes Te Hubiera Conocido
0%
No matching quizzes found
Score Distribution
Percent of People with Each Score
Percentile by Number Answered
Your Score History
You have not taken this quiz